| 000 | 00399nam a2200121Ia 4500 | ||
|---|---|---|---|
| 008 | 211119s9999||||xx |||||||||||||| ||und|| | ||
| 082 |
_a920 _bKAL-T |
||
| 100 | _aKalam, A P J Abdul | ||
| 245 | 0 | _aTurning Points: A Journey Through Challenges | |
| 260 |
_bHarpercollins _aNoida _c2012 |
||
| 650 |
_aHistory & geography _vBiography, genealogy & insigniaGeneralia _xReference Reading Room |
||
| 942 | _cBOOK | ||
| 999 |
_c119533 _d119533 |
||